49ers Trivia - Statistics

General Stats
  • This quiz has been taken 361 times
  • The average score is 12 of 15
Answer Stats
Question Answer % Correct
Who is the 49ers current head coach? Kyle Shanahan
100%
When their quarterback was injured who had the best season for a tight end in 49ers history? George Kittle
99%
What city is the 49ers from? San Francisco
99%
Who are the 3 teams the 49ers share a division with? Seattle Seahawks, Arizona Cardinals, Los Angeles Rams
97%
Who is the 49ers quarterback to win 4 super bowls? Joe Montana
96%
Who Beat the 49ers in Super Bowl 54? Kansas City Chiefs
94%
How Many Super Bowls have the 49ers won? 5
93%
What Division are the 49ers in? NFC West
90%
What Year Were the 49ers founded? 1946
82%
What was the final score of Super Bowl 54? 20-31
82%
Who are all of the teams the 49ers beat in the super bowl Cincinnati Bengals, Los Angeles Chargers, Denver Broncos, Miami Dolphins
73%
Who was the 49ers first opponent in their super bowl history? Cincinnati Bengals
69%
What was the 49ers final record for the 2019-2020 season? 13-3
66%
Who was the first team the 49ers beat in franchise history? Chicago Bears
25%
Who is the 49ers #1 rival? Las Vegas Raiders
17%
No matching quizzes found
Score Distribution
Percent of People with Each Score
Percentile by Number Answered
Your Score History
You have not taken this quiz